• 首页
  • 本馆介绍
  • 公告通知
  • 最新文献
  • 馆藏检索
  • 电子资源
  • 读者导购
  • 参考咨询
  • 我的图书馆
  • 登录
  • 详细信息显示
  • 放入我的书架
  • 预约/预借图书
  • 作者相关作品
  • 分类相关作品
  • 丛书相关作品
  • 出版社相关作品

书目信息

  • 表格格式
  • 工作单格式
  • 卡片格式
题名:
0-3岁婴幼儿早期教育活动的设计与实践
    
 
作者: 张海燕 , 石琳 , 李娜 主编
分册:  
出版信息: 北京   中国农业出版社  2020.06
页数: 168页
开本: 26cm
丛书名:
单 册:
中图分类: G61
科图分类:
主题词: 婴幼儿--ying you er--早期教育
电子资源:
ISBN: 978-7-109-26613-1
000 01158nam0 2200277 450
001 0109110026
005 20201109110332.0
010    @a978-7-109-26613-1@dCNY48.00
100    @a20200911d2020 em y0chiy50 ea
101 0  @achi
102    @aCN@b110000
105    @aa z 000yy
106    @ar
200 1  @a0-3岁婴幼儿早期教育活动的设计与实践@A0-3 sui ying you er zao qi jiao yu huo dong de she ji yu shi jian@f张海燕, 石琳, 李娜主编
210    @a北京@c中国农业出版社@d2020.06
215    @a168页@c图, 照片@d26cm
300    @a内蒙古自治区赤峰学院服务赤峰市经济社会发展应用项目课题研究成果
306    @a题名页出版者题:中国农业出版社,农村读物出版社
330    @a本书主要内容由理论部分和早期教育活动设计两部分构成。理论部分包括0-3岁婴幼儿早期教育的理念、理论基础和各领域身心发展的介绍。早期教育活动设计以主题式教育活动为主,整合了感知觉、认知、语言、精细动作、音乐、大动作、社会交往等活动。
606 0  @a婴幼儿@Aying you er@x早期教育
690    @aG61@v5
701  0 @a张海燕@Azhang hai yan@c(女@4主编
701  0 @a石琳@Ashi lin@c(女)@4主编
701  0 @a李娜@Ali na@c(女)@4主编
801  0 @aCN@bBJSZM@c20201103
905    @b1264146-50@dG61@e1421@f5
    
    0-3岁婴幼儿早期教育活动的设计与实践/张海燕, 石琳, 李娜主编.-北京:中国农业出版社,2020.06
    168页:图, 照片;26cm
    内蒙古自治区赤峰学院服务赤峰市经济社会发展应用项目课题研究成果
    
    ISBN 978-7-109-26613-1:CNY48.00
    本书主要内容由理论部分和早期教育活动设计两部分构成。理论部分包括0-3岁婴幼儿早期教育的理念、理论基础和各领域身心发展的介绍。早期教育活动设计以主题式教育活动为主,整合了感知觉、认知、语言、精细动作、音乐、大动作、社会交往等活动。
●
相关链接 在E读中查询图书 在五车中查询图书 在当当中查询图书 在豆瓣中查询图书


正题名:0-3岁婴幼儿早期教育活动的设计与实践     索取号:G61/1421         预约/预借

序号 登录号 条形码 馆藏地/架位号 状态 备注
1 1264146   212641462   第一样本阅览室/ [索取号:G61/1421] 在馆    
2 1264147   212641471   教育系资料室/ [索取号:G61/1421] 在馆    
3 1264148   212641480   教育系资料室/ [索取号:G61/1421] 在馆    
4 1264149   212641499   第四借阅区/ [索取号:G61/1421] 在馆    
5 1264150   212641505   第四借阅区/ [索取号:G61/1421] 在馆    
唐山师范学院图书馆 欢迎您!
大连网信软件有限公司© 版权所有